| 000 | 01299nam a22002057a 4500 | ||
|---|---|---|---|
| 999 |
_c60270 _d60270 |
||
| 003 | Ge_BSU | ||
| 005 | 20230623115408.0 | ||
| 008 | 230623s1997 ge ||||| |||| 00| 0 geo d | ||
| 041 | _ageo | ||
| 080 | _a008(09) ა-30 | ||
| 100 |
_aავალიანი, ეკა _916340 |
||
| 245 |
_aკულტურების სივრცესა და დროში ტრანსფორმაციის ფენომენი : _b(ძველი ცივილიზაციები) / _c ეკა ავალიანი; [რედ.: ლაშა ბერაია]; თსუ, კულტურის ისტორიის კათედრა. |
||
| 264 |
_aთბილისი : _bდიოგენე, _c1997. |
||
| 300 |
_a25 გვ. ; _b20 სმ. |
||
| 490 | _aპროგრამა "ლოგოსი" : პუბლიკაციები და ღონისძიებები კლასიკური ფილოლოგიის, ბიზანტინისტიკისა და ნეოგრეცისტიკის სფეროში | ||
| 653 | _aკულტურა | ||
| 653 | _aცივილიზაცია | ||
| 700 |
_aბერაია, ლაშა _eრედაქტორი _918920 |
||
| 942 |
_2udc _cBK |
||